[Event "First"]
[Site "http://www.queenalice.com/game.php?id=494655"]
[Date "2008.11.17"]
[Round "-"]
[White "zagari"]
[Black "tinogomes"]
[Result "1-0"]
[WhiteElo "1567"]
[BlackElo "1538"]

1. e4 Nf6 2. Qf3 d5 3. Nc3 dxe4 4. Nxe4 Bg4 5. Nxf6+ exf6 6. Qxg4 Qe7+ 7. Be2
Nd7 8. Nh3 O-O-O 9. a4 Qe6 10. a5 f5 11. Qf3 Ne5 12. Qc3 Bb4 13. Qxb4 Nc6 14.
Qc5 Rde8 15. Nf4 Qe5 16. Qxe5 Rxe5 17. a6 Nd4 18. Ra4 Nxe2 19. Nxe2 Rhe8 20.
axb7+ Kxb7 21. Rf4 Rxe2+ 22. Kd1 a5 23. Rxf5 Kb6 24. Rxf7 g5 25. d3 a4 26. Be3+
R2xe3 27. fxe3 c6 28. Ke2 c5 29. Ra1 Ra8 30. c4 Ka5 31. b3 g4 32. Rxa4+ Kb6 33.
Rxa8 h5 34. Rb8+ Kc6 35. Rf6+ Kc7 36. Rh8 Kd7 37. Rh7+ Ke8 38. Ra6 Kf8 39. Ra8#
1-0

[Event "Challenge"]
[Site "http://www.queenalice.com/game.php?id=498192"]
[Date "2008.11.25"]
[Round "-"]
[White "zagari"]
[Black "Fernando_cun"]
[Result "1-0"]
[WhiteElo "1749"]
[BlackElo "1487"]

1. e4 e5 2. Bc4 d6 3. Qf3 Qf6 4. Nc3 Qxf3 5. Nxf3 Be6 6. Bxe6 fxe6 7. Nb5 Na6 8.
Ng5 c6 9. Nc3 d5 10. Nxe6 dxe4 11. Nxe4 Nf6 12. d3 Bb4+ 13. c3 Bc5 14. N4xc5 Rd8
15. Nxd8 Nxc5 16. Be3 Nxd3+ 17. Ke2 Ng4 18. Nxb7 O-O 19. f3 Nxe3 20. Kxe3 Nxb2
21. Rab1 Nc4+ 22. Kd3 Nb6 23. Rhe1 Nd5 24. Rb2 e4+ 25. Rxe4 Nf4+ 26. Kc4 Nxg2
27. Rxg2 Rxf3 28. Na5 c5 29. Nc6 a5 30. Rb2 g5 31. Re5 h6 32. Rb7 Kf8 33. Ree7
Rf4+ 34. Kb5 Kg8 35. Nd8 g4 36. Rg7+ Kh8 37. Rh7+ Kg8 38. Rbg7+ Kf8 39. Ne6+ 1-0

[Event "webco"]
[Site "http://www.queenalice.com/game.php?id=498209"]
[Date "2008.11.25"]
[Round "1"]
[White "jcmlima"]
[Black "zagari"]
[Result "0-1"]
[WhiteElo "1524"]
[BlackElo "1690"]

1. e4 e5 2. Nf3 Nc6 3. d3 Bc5 4. a3 d6 5. b4 Bd4 6. c3 Bb6 7. Nbd2 Nh6 8. h3 f5
9. Nb3 fxe4 10. dxe4 Qf6 11. Bg5 Qg6 12. Bd3 Qf7 13. a4 a5 14. b5 Be6 15. Bc2
Ne7 16. Bxh6 gxh6 17. Qd2 Bxb3 18. Bxb3 Qxb3 19. O-O Qe6 20. Rfc1 Rg8 21. c4 Qg6
22. g4 Qxe4 23. Rc3 O-O-O 24. Qxh6 Rdf8 25. Qe6+ Kd8 26. Re1 Bxf2+ 0-1

[Event "Challenge"]
[Site "http://www.queenalice.com/game.php?id=512260"]
[Date "2008.12.24"]
[Round "-"]
[White "rferraz"]
[Black "zagari"]
[Result "0-1"]
[WhiteElo "1413"]
[BlackElo "1814"]

1. e4 e5 2. Nf3 Nc6 3. Bc4 Bc5 4. O-O d6 5. a3 Bg4 6. h3 Bxf3 7. Qxf3 Nf6 8. Nc3
Nd4 9. Qd1 c6 10. Na4 Nxe4 11. Qg4 Ng5 12. Nxc5 dxc5 13. d3 h5 14. Qxg5 g6 15.
Qxd8+ Rxd8 16. Bg5 Rd6 17. c3 Nf5 18. Rfe1 f6 19. Be3 b6 20. b4 b5 21. Bxc5 bxc4
22. Bxd6 Nxd6 23. dxc4 Nxc4 24. Rad1 Ke7 25. Re4 Nxa3 26. Ra1 Nb5 27. Rc4 Kd7
28. Ra6 Rc8 29. Rh4 Rc7 30. c4 Nd4 31. f4 Nf5 32. g3 Nxh4 33. gxh4 exf4 34. Kf2
Kd6 35. Kf3 Ke5 36. Ra5+ Kd4 37. c5 Ke5 38. Ra1 Rb7 39. Ra6 Rxb4 40. Rxa7 Rb3+
41. Kg2 f3+ 42. Kf2 f5 43. Re7+ Kf4 44. Re6 Rb2+ 45. Kf1 f2 46. Re2 Rxe2 47.
Kxe2 Kg3 48. Kf1 f4 0-1

[Event "webco"]
[Site "http://www.queenalice.com/game.php?id=519906"]
[Date "2009.1.9"]
[Round "2"]
[White "zagari"]
[Black "tinogomes"]
[Result "1-0"]
[WhiteElo "1776"]
[BlackElo "1601"]

1. e4 e5 2. Bc4 Qh4 3. Qf3 Bc5 4. Qxf7+ Kd8 5. d3 Qe7 6. Qf3 Qf6 7. Nc3 Qxf3 8.
Nxf3 d6 9. Ng5 Nh6 10. Nd5 Nc6 11. c3 Rf8 12. f3 a6 13. Nxh7 Rf7 14. Bg5+ Ke8
15. Bxh6 gxh6 16. Nhf6+ Kf8 17. Nh5 b5 18. Bb3 Be6 19. Nxc7 Rxc7 20. Bxe6 b4 21.
Bd5 bxc3 22. bxc3 Rb8 23. d4 exd4 24. Nf4 Nd8 25. c4 Bb4+ 26. Ke2 Ke7 27. Rab1
a5 28. a3 Nc6 29. axb4 Nxb4 30. Nd3 Ra7 31. Ra1 a4 32. Rhb1 a3 33. Nxb4 a2 34.
Nc6+ Kd7 35. Rxb8 Ra3 36. f4 d3+ 37. Kd2 1-0

[Event "webco"]
[Site "http://www.queenalice.com/game.php?id=531757"]
[Date "2009.1.30"]
[Round "3"]
[White "rferraz"]
[Black "zagari"]
[Result "0-1"]
[WhiteElo "1682"]
[BlackElo "1814"]

1. e4 e5 2. Nf3 Nc6 3. Bc4 Bc5 4. O-O d6 5. c3 Qf6 6. d4 exd4 7. Bg5 Qg6 8. cxd4
Bxd4 9. Nxd4 Nxd4 10. Qxd4 Qxg5 11. g3 Be6 12. Bxe6 fxe6 13. Qa4+ b5 14. Qa5 Nf6
15. Qxc7 Qe5 16. Qxg7 Rg8 17. Qh6 Qxb2 18. Nd2 Rg6 19. Qe3 Ng4 20. Qd3 Ne5 21.
Qxd6 Rd8 22. Rab1 Rxd6 23. Rxb2 Rxd2 24. Rxd2 Nf3+ 25. Kh1 Nxd2 26. Re1 e5 27.
Re2 Nc4 28. Rc2 Nd6 29. f3 a5 30. Rc5 Re6 31. Rc7 Re7 32. Rc6 Kd7 33. Rc2 Ke6
34. Kg2 b4 35. Rc6 Ra7 36. h4 Kd7 37. Rc5 a4 38. Rc1 b3 0-1

[Event "Challenge"]
[Site "http://www.queenalice.com/game.php?id=554251"]
[Date "2009.3.11"]
[Round "-"]
[White "zagari"]
[Black "lucasfais"]
[Result "1-0"]
[WhiteElo "1844"]
[BlackElo "1068"]

1. e4 e5 2. Bc4 Nc6 3. Qf3 Nf6 4. d3 Nb4 5. Na3 Nxc2+ 6. Nxc2 c5 7. Qg3 Qa5+ 8.
Bd2 Qa4 9. b3 Qc6 10. Qxe5+ Be7 11. Qg5 h6 12. Qxg7 Rh7 13. Bxf7+ Kd8 14. Qg6
Qd6 15. Bc4 Qe5 16. Bg8 Rh8 17. Bc4 Qb2 18. Rc1 Rg8 19. Bxg8 Qxa2 20. Bc4 d6 21.
Qxh6 b6 22. b4 Qb2 23. Qh8+ Kc7 24. Ba6 Bb7 25. Qg7 Qe5 26. Bxb7 Rg8 27. Qf7 Kd8
28. Nf3 Qh5 29. Qe6 Rxg2 30. Qc8# 1-0

[Event "webco 09"]
[Site "http://www.queenalice.com/game.php?id=561196"]
[Date "2009.3.24"]
[Round "2"]
[White "zagari"]
[Black "tinogomes"]
[Result "1-0"]
[WhiteElo "1844"]
[BlackElo "1553"]

1. e4 e5 2. Nf3 Bc5 3. Nxe5 d6 4. Nf3 Bg4 5. Bc4 Nh6 6. d3 Bd4 7. c3 Bxf2+ 8.
Kxf2 Bxf3 9. Qxf3 Qh4+ 10. g3 Ng4+ 11. Kg2 Qh5 12. h3 Nf6 13. g4 Qh4 14. e5 dxe5
15. Qxb7 h5 16. Qxa8 hxg4 17. Qxb8+ Ke7 18. Qb4+ Kd8 19. Bb5 gxh3+ 20. Kf1 e4
21. Qd4+ Ke7 22. Qe5+ Kd8 23. Bf4 Qg4 24. Qxc7# 1-0

[Event "Challenge"]
[Site "http://www.queenalice.com/game.php?id=566456"]
[Date "2009.4.3"]
[Round "-"]
[White "jcmlima"]
[Black "zagari"]
[Result "1-0"]
[WhiteElo "1668"]
[BlackElo "1838"]

1. e4 e5 2. Nf3 d6 3. Nc3 c6 4. d4 Bg4 5. dxe5 Bxf3 6. Qxf3 dxe5 7. Bc4 Nf6 8.
Bg5 Be7 9. Rd1 Qb6 10. O-O Qc5 11. Bb3 Na6 12. a3 b5 13. Be3 Qd6 14. Rxd6 Bxd6
15. Rd1 Be7 16. Bg5 O-O 17. Qf5 Rad8 18. Qxe5 Rfe8 19. Bxf6 Bxf6 20. Qh5 g6 21.
Qf3 Bxc3 22. Bxf7+ Kg7 23. Bxe8 Bd2 24. Qe2 Rxe8 25. Rxd2 Nb8 26. f3 a5 27. c4
b4 28. axb4 axb4 29. e5 c5 30. e6 Kf6 31. Rd6 g5 32. e7+ Kg7 33. Rd8 Kf7 34. Qe5
g4 35. fxg4 Nd7 36. Rxd7 h6 37. Qxc5 Kg7 38. Rd8 b3 39. Rxe8 h5 40. Qxh5 Kf6 41.
Qf5+ Kg7 42. Rg8+ Kh6 43. Qh5# 1-0

[Event "webco 09"]
[Site "http://www.queenalice.com/game.php?id=566998"]
[Date "2009.4.4"]
[Round "3"]
[White "rferraz"]
[Black "zagari"]
[Result "1/2-1/2"]
[WhiteElo "1660"]
[BlackElo "1853"]

1. d4 d5 2. c4 Nc6 3. Nf3 Bf5 4. Nc3 Nb4 5. Qa4+ c6 6. Qxb4 Qc7 7. e3 e6 8. Qb3
Nf6 9. Be2 dxc4 10. Qxc4 Bd6 11. Bd3 b5 12. Nxb5 cxb5 13. Qxb5+ Nd7 14. Bxf5 Rb8
15. Qd3 Qa5+ 16. Bd2 Qxf5 17. Qxf5 exf5 18. b3 Nf6 19. O-O Ne4 20. Bc1 O-O 21.
Nd2 Rfc8 22. Nxe4 fxe4 23. Bd2 Rc2 24. Rfd1 f5 25. Ba5 Rbc8 26. a3 Kf7 27. Bb4
Ke7 28. Bxd6+ Kxd6 29. Kf1 R8c3 30. b4 Rb3 1/2-1/2

[Event "webco 09"]
[Site "http://www.queenalice.com/game.php?id=576307"]
[Date "2009.4.23"]
[Round "4"]
[White "zagari"]
[Black "prenzier"]
[Result "1-0"]
[WhiteElo "1838"]
[BlackElo "1026"]

1. e4 e5 2. Bc4 Nf6 3. d3 c6 4. Bg5 b5 5. Bb3 Qa5+ 6. c3 Ng8 7. Nh3 d6 8. Qf3
Ne7 9. Bxe7 Bxe7 10. Qxf7+ Kd7 11. Be6+ Kd8 12. Bxc8 Rf8 13. Qxg7 Kxc8 14. Qxe7
Rd8 15. Ng5 Qc7 16. Qe6+ Nd7 17. Nf7 Rf8 18. Nxd6+ Kb8 19. Nd2 Rf6 20. Qe8+ Qd8
21. Qxd8# 1-0

[Event "WBxZagari"]
[Site "http://www.queenalice.com/game.php?id=639861"]
[Date "2009.8.21"]
[Round "-"]
[White "wboton"]
[Black "zagari"]
[Result "0-1"]
[WhiteElo "1122"]
[BlackElo "1800"]

1. e4 e5 2. Bc4 Qh4 3. Qe2 Nc6 4. Qf3 Nf6 5. Nc3 Nd4 6. Qd1 Bb4 7. g3 Qg5 8. h4
Qg4 9. Qxg4 Nxg4 10. Nh3 Nxc2+ 11. Kf1 Nxa1 12. Ng5 O-O 13. a3 Bxc3 14. bxc3 h6
15. Bxf7+ Rxf7 16. Nxf7 Kxf7 17. f3 Nf6 18. h5 Nb3 19. Bb2 Nxd2+ 20. Ke1 Nxf3+
21. Ke2 Ng5 22. c4 d6 23. a4 Ngxe4 24. g4 Ng3+ 25. Kf2 Nxh1+ 26. Kg1 Nxg4 27.
Kxh1 e4 28. Kg1 e3 29. Kf1 Bf5 30. Ke1 g6 31. hxg6+ Kxg6 32. a5 h5 33. Bc1 Bd3
34. Kd1 Rf8 35. Ke1 Rf1# 0-1

[Event "WBxZagari A Revanche"]
[Site "http://www.queenalice.com/game.php?id=649070"]
[Date "2009.9.7"]
[Round "-"]
[White "wboton"]
[Black "zagari"]
[Result "0-1"]
[WhiteElo "1469"]
[BlackElo "1800"]

1. e4 Nf6 2. Nc3 e5 3. Nf3 Nc6 4. Bc4 Bc5 5. O-O d6 6. d3 O-O 7. Bg5 Bg4 8. a4
Nd4 9. Nd5 c6 10. Nxf6+ gxf6 11. Bh6 Re8 12. c3 Nxf3+ 13. gxf3 Bh3 14. Kh1 Bxf1
15. Qxf1 Kh8 16. Bxf7 Rf8 17. Bxf8 Qxf8 18. Ba2 f5 19. b4 Bb6 20. a5 Bd8 21. Qg2
h6 22. exf5 Bg5 23. a6 b5 24. f4 Bxf4 25. Qxc6 Rc8 26. Qd7 Rd8 27. Qe6 Re8 28.
Qd7 Re7 29. Qc6 Qxf5 30. Kg1 Rg7+ 31. Kf1 Qxd3+ 32. Ke1 Rg1# 0-1

[Event "Shiotovisk"]
[Site "http://www.queenalice.com/game.php?id=677827"]
[Date "2009.11.4"]
[Round "-"]
[White "zagari"]
[Black "eshiota"]
[Result "1-0"]
[WhiteElo "1804"]
[BlackElo "1449"]

1. e4 e6 2. Bb5 c6 3. Bc4 Bc5 4. Qh5 d5 5. exd5 cxd5 6. Bb5+ Bd7 7. a4 Nf6 8.
Qf3 a6 9. Bxd7+ Nbxd7 10. Nh3 Ne5 11. Qc3 Ned7 12. b4 d4 13. Qc4 Ba7 14. d3 Ng4
15. Bg5 Nde5 16. Bxd8 Nxc4 17. dxc4 Rxd8 18. O-O d3 19. c3 d2 20. Rd1 Rd3 21.
Rxd2 Rxh3 22. gxh3 Ne5 23. Re2 Nxc4 24. Na3 Nb6 25. a5 Na4 26. c4 Nc3 27. Ree1
O-O 28. Rac1 Bd4 29. Nc2 e5 30. Kg2 Re8 31. Nxd4 Na2 32. Rb1 Re6 33. Nxe6 fxe6
34. Rxe5 Nc3 35. Rbe1 h6 36. Rxe6 Kh7 37. Re7 b5 38. c5 Nd5 39. Rd7 Nf4+ 40. Kg3
Nh5+ 41. Kh4 Nf4 42. Rg1 Ng6+ 43. Kh5 Nf4+ 44. Kg4 Ne6 45. Kf5 Nf8 46. Rdxg7+
Kh8 47. Rg8+ Kh7 48. R1g7# 1-0